Plus grandes villes des Iles Féroé - Statistics

General Stats
  • This quiz has been taken 2 times
  • The average score is 2 of 10
Answer Stats
Ville % Correct
Tórshavn
100%
Klaksvik
50%
Argir
0%
Fuglafjørður
0%
Hoyvík
0%
Miðvágur
0%
Saltangará
0%
Sørvágur
0%
Vagur
0%
Vestmanna
0%
No matching quizzes found
Score Distribution
Percent of People with Each Score
Percentile by Number Answered
Your Score History
You have not taken this quiz